Elvis Presley Song Antonyms - Statistics

General Stats
  • This quiz has been taken 33 times
  • The average score is 9 of 15
Answer Stats
Hint Answer % Correct
Do Don’t
91%
Hate You Love Me
91%
Policestation Pebble Jailhouse Rock
83%
Space Devil Earth Angel
74%
Cooling Hate Burning Love
70%
Hate You Rough Love Me Tender
70%
A Big More Speechlessness A Little Less Conversation
65%
Pink Nubuck Gloves Blue Suede Shoes
65%
Multiple Day One Night
52%
Adult, Let’s Work Apartment Baby, Let’s Play House
48%
Hug You Slow Kiss Me Quick
43%
Brainfix House Heartbreak Hotel
35%
You Got Bitten I Got Stung
35%
Such a Day Such a Night
35%
Order Trouble
22%
No matching quizzes found
Score Distribution
Percent of People with Each Score
Percentile by Number Answered
Your Score History
You have not taken this quiz